00700nam a2200181Ia 4500001001000000003000500010008004100015010001100056040000900067100002700076245017200103260003500275300001000310502008700320650002500407650003300432710005300465Para_1408CHAP220125s1999 xx 000 0 und d a200116 cCHAP aPadilla Linares, Bruce aInteracción de acolchados plásticos y enmiendas orgánicas contra enfermedades radicales del tomate (Lycopersicon esculentum Mill.) /c por Bruce Padilla Linares aChapingo, Méx. :b El autor a52 h. aTesis (Ing. Agr. Esp. en Parasitología Agrícola), UACh. Depto. Parasitología aAcolchado de suelos  aTomate verde x enfermedades aUACh. Departamento de Parasitología Agrícola